000 00534nam a22001937a 4500
003 KOHA_MİRAKIL
005 20251209093226.0
008 251209b tu ||||| |||| 00| 0 tur d
020 _a9789754582017
040 _aTR-AnABB
_btur
_cTR-AnABB
041 _atur
082 _a370.7209561
_bTUR 2009
100 1 _aTürkoğlu, Pakize,
245 1 0 _aTonguç ve enstitüleri /
_cPakize Türkoğlu
260 _aİstanbul :
_bŞefik Matbaası,
_c2009
300 _a677 sayfa ;
_c24 cm
650 0 4 _aEğitim
942 _2ddc
_cBK
999 _c9724
_d9724
900 _bGizem YORULMAZ